<?xml version="1.0" encoding="UTF-8"?>
<record
    xmlns:xsi="http://www.w3.org/2001/XMLSchema-instance"
    xsi:schemaLocation="http://www.loc.gov/MARC21/slim http://www.loc.gov/standards/marcxml/schema/MARC21slim.xsd"
    xmlns="http://www.loc.gov/MARC21/slim">

  <leader>01791nam a22002897a 4500</leader>
  <controlfield tag="005">2008122301381.0</controlfield>
  <controlfield tag="008">081223t        xxu||||| |||| 00| 0hin d</controlfield>
  <datafield tag="010" ind1=" " ind2=" ">
    <subfield code="a">HIN-85628</subfield>
  </datafield>
  <datafield tag="020" ind1=" " ind2=" ">
    <subfield code="a">8187275308</subfield>
    <subfield code="c">650.00</subfield>
  </datafield>
  <datafield tag="035" ind1=" " ind2=" ">
    <subfield code="a">HN-57974</subfield>
  </datafield>
  <datafield tag="037" ind1=" " ind2=" ">
    <subfield code="b">DBAD / PUB</subfield>
  </datafield>
  <datafield tag="040" ind1=" " ind2=" ">
    <subfield code="a">DPL</subfield>
    <subfield code="b">HN</subfield>
  </datafield>
  <datafield tag="082" ind1=" " ind2=" ">
    <subfield code="a">306.760954</subfield>
  </datafield>
  <datafield tag="100" ind1=" " ind2=" ">
    <subfield code="a">&#x917;&#x94B;&#x938;&#x94D;&#x935;&#x93E;&#x92E;&#x940;, &#x92D;&#x93E;&#x932;&#x91A;&#x928;&#x94D;&#x926; </subfield>
    <subfield code="q">&#x917;&#x94B;&#x938;&#x94D;&#x935;&#x93E;&#x92E;&#x940;, &#x92D;&#x93E;&#x932;&#x91A;&#x928;&#x94D;&#x926; '&#x92A;&#x94D;&#x930;&#x916;&#x930; ' </subfield>
  </datafield>
  <datafield tag="245" ind1=" " ind2=" ">
    <subfield code="a">&#x935;&#x94D;&#x92F;&#x915;&#x94D;&#x924;&#x93F;, &#x92A;&#x930;&#x93F;&#x935;&#x93E;&#x930; &#x914;&#x930; &#x938;&#x948;&#x915;&#x94D;&#x938;&#x903;</subfield>
    <subfield code="c">&#x906;&#x91A;&#x93E;&#x930;&#x94D;&#x92F; &#x92D;&#x93E;&#x932;&#x91A;&#x928;&#x94D;&#x926; &#x917;&#x94B;&#x938;&#x94D;&#x935;&#x93E;&#x92E;&#x940; '&#x92A;&#x94D;&#x930;&#x916;&#x930; '  &#x926;&#x94D;&#x935;&#x93E;&#x930;&#x93E; &#x938;&#x902;&#x92A;&#x93E;&#x926;&#x93F;&#x924;</subfield>
    <subfield code="b">&#x90F;&#x915; &#x938;&#x92E;&#x93E;&#x91C;&#x936;&#x93E;&#x938;&#x94D;&#x924;&#x94D;&#x930;&#x940;&#x92F; &#x905;&#x927;&#x94D;&#x92F;&#x92F;&#x928; /</subfield>
  </datafield>
  <datafield tag="246" ind1=" " ind2=" ">
    <subfield code="a">Vyakti, parivaara aur sex </subfield>
    <subfield code="b">by Acharya Bhalchand Goswami ' Prakhar '</subfield>
  </datafield>
  <datafield tag="260" ind1=" " ind2=" ">
    <subfield code="a">&#x91C;&#x92F;&#x92A;&#x941;&#x930;</subfield>
    <subfield code="b">&#x91C;&#x948;&#x928;&#x93E; &#x92A;&#x92C;&#x94D;&#x932;&#x93F;&#x936;&#x930;&#x94D;&#x938;</subfield>
    <subfield code="c">2007</subfield>
  </datafield>
  <datafield tag="270" ind1=" " ind2=" ">
    <subfield code="a">0-16, &#x92E;&#x93E;&#x932;&#x935;&#x940;&#x92F; &#x92E;&#x93E;&#x930;&#x94D;&#x917; , &#x92E;&#x932;&#x928; &#x915;&#x93E; &#x91A;&#x94C;&#x930;&#x93E;&#x939;&#x93E; , &#x938;&#x940;-&#x938;&#x94D;&#x915;&#x940;&#x92E;</subfield>
    <subfield code="b">&#x91C;&#x92F;&#x92A;&#x941;&#x930;</subfield>
    <subfield code="e">302 001</subfield>
  </datafield>
  <datafield tag="300" ind1=" " ind2=" ">
    <subfield code="a">254&#x92A;&#x943;.</subfield>
    <subfield code="c">21&#x938;&#x947;&#x92E;&#x940; (&#x938;&#x91C;&#x93F;&#x932;&#x94D;&#x926;)</subfield>
  </datafield>
  <datafield tag="650" ind1=" " ind2=" ">
    <subfield code="a">&#x938;&#x948;&#x915;&#x94D;&#x938; &#x928;&#x93F;&#x930;&#x94D;&#x926;&#x947;&#x936;</subfield>
    <subfield code="x">&#x938;&#x93E;&#x92E;&#x93E;&#x91C;&#x93F;&#x915; &#x92A;&#x930;&#x93F;&#x92A;&#x947;&#x915;&#x94D;&#x937;&#x94D;&#x92F; &#x92E;&#x947;&#x902;</subfield>
    <subfield code="z">&#x92D;&#x93E;&#x930;&#x924;</subfield>
  </datafield>
  <datafield tag="650" ind1=" " ind2=" ">
    <subfield code="a">Sex instructions</subfield>
    <subfield code="x">Social aspects</subfield>
    <subfield code="z">India</subfield>
  </datafield>
  <datafield tag="650" ind1=" " ind2=" ">
    <subfield code="a">&#x938;&#x948;&#x915;&#x94D;&#x938; &#x938;&#x902;&#x92C;&#x902;&#x927;&#x940; &#x928;&#x93F;&#x92F;&#x92E;</subfield>
    <subfield code="z">&#x92D;&#x93E;&#x930;&#x924;</subfield>
  </datafield>
  <datafield tag="650" ind1=" " ind2=" ">
    <subfield code="a">Sexual ethics</subfield>
    <subfield code="z">India</subfield>
  </datafield>
  <datafield tag="700" ind1=" " ind2=" ">
    <subfield code="a">&#x906;&#x91A;&#x93E;&#x930;&#x94D;&#x92F; &#x92D;&#x93E;&#x932;&#x91A;&#x928;&#x94D;&#x926; &#x917;&#x94B;&#x938;&#x94D;&#x935;&#x93E;&#x92E;&#x940;' &#x92A;&#x94D;&#x930;&#x916;&#x930;'</subfield>
  </datafield>
  <datafield tag="942" ind1=" " ind2=" ">
    <subfield code="2">ddc</subfield>
    <subfield code="c">HN</subfield>
    <subfield code="m">&#x917;&#x94B;&#x938;&#x94D;&#x935;&#x93E;&#x92E;&#x940; </subfield>
    <subfield code="h">306.760954</subfield>
  </datafield>
  <datafield tag="999" ind1=" " ind2=" ">
    <subfield code="c">20210</subfield>
    <subfield code="d">20210</subfield>
  </datafield>
  <datafield tag="952" ind1=" " ind2=" ">
    <subfield code="0">0</subfield>
    <subfield code="1">0</subfield>
    <subfield code="2">ddc</subfield>
    <subfield code="4">0</subfield>
    <subfield code="7">1</subfield>
    <subfield code="a">DBAD</subfield>
    <subfield code="b">DBAD</subfield>
    <subfield code="d">2009-01-16</subfield>
    <subfield code="e">DBAD / PUB</subfield>
    <subfield code="g">650.00</subfield>
    <subfield code="l">0</subfield>
    <subfield code="o">306.760954 &#x917;&#x94B;&#x938;&#x94D;&#x935;&#x93E;&#x92E;&#x940;</subfield>
    <subfield code="p">HN-57974</subfield>
    <subfield code="r">2008-12-23 00:00:00</subfield>
    <subfield code="t">1</subfield>
    <subfield code="v">650.00</subfield>
    <subfield code="w">2008-12-23</subfield>
    <subfield code="y">HN</subfield>
  </datafield>
</record>
